000 00664nam a2200193Ia 4500
003 GCL
008 140319s9999 xx 000 0 ara d
040 _aGCL /
_cGCL
082 0 4 _aش ف
_b791.43
_bا ا
100 1 _aاسماعيل جمال
245 1 0 _aانتقام امرأة (شرائط فيديو) /
_cاسماعيل جمال
260 _aالقاهرة :
_bالولاء للفيديو والسينما
300 _a1 شريط ؛
_c1\2 بوصة
650 0 4 _aالافلام السينمائية
650 0 4 _aالافلام العربية
650 0 4 _aالافلام الاجتماعية
650 0 4 _aالفيديو، أشرطة
942 _2ddc
_cVM
999 _c28957
_d28957